00417nam a2200145Ia 4500003000400000008004100004040001600045082001700061100002600078245005900104700003100163260006100194300001100255490000500266GCL140319s9999 xx 000 0 ara d aGCL / cGCL04a274.28bرع1 aرالف تشاليس10aعلى طريق الحياة / cرالف تشاليس1 aمنيس عبد النور a[S.N] : bدار الثقافة العربية ، c1988 a150 ص a